Turismo cultural y medio ambiente en destinos urbanos

Bibliographic Details
Main Author: Esteban Curiel, Javier de
Format: Unknown
Language:Spanish
Published: Madrid : Universidad Rey Juan Carlos : Dykinson, D.L. 2008
Series:Ciencias Jurd̕icas y Sociales ; 91
Subjects:
Online Access:Acceso restringido

MARC

LEADER 00000ny a22000003n 4500
005 20110616145341.0
008 080526s2008 sp d 000 0 spa c
017 |a D.L. SE.1928-2008 
020 |a 9788498492231 
035 |a 2774 
040 |a UMA.CEE  |d vLex 
080 |a 338.48 
080 |a 379.82 
080 |a 504.03 
090 |c 794  |d 794 
100 1 |a Esteban Curiel, Javier de 
245 1 0 |a Turismo cultural y medio ambiente en destinos urbanos  |h [Recurso electrn̤ico]  |c Javier de Esteban Curiel 
256 |a Servicio en ln̕ea 
260 |a Madrid :  |b Universidad Rey Juan Carlos : Dykinson,  |c D.L. 2008 
300 |a 507 p. :  |b grf̀. ;  |c 24 cm. 
490 1 |a Ciencias Jurd̕icas y Sociales ;  |v 91 
504 |a Incluye referencias bibliogrf̀icas 
506 1 |a Contenido solo disponible en los productos indicados  |d vLex Global  |d vLex Global (Academic Edition, excluding Law Schools)  |d vLex Global (U.S. Academic Edition, Law Schools)  |d vLex Global (U.S. Academic Edition, excluding Law Schools)  |d vLex Global (Academic Edition, Law Schools) 
650 0 7 |a Ambiental  |2 Tesauro vLex 
650 0 7 |a Administrativo  |2 Tesauro vLex 
650 0 7 |a Regulacin̤ del turismo  |2 Tesauro vLex 
740 0 |a vLex Libros (Servicios en ln̕ea) 
810 2 |a Universidad Rey Juan Carlos.  |t Ciencias Jurd̕icas y Sociales ;  |v 91 
856 4 0 |u http://vlex.com/source/2774  |z Acceso restringido 
942 |c BOOK 
999 0 |a Environment  |b Madrid